00833nam a2200241 i 4500003000900000005001700009007000300026008004100029020001800070040003000088082001800118100004100136245004900177264007400226300002500300336002700325337003300352338002800385500007100413586005100484650002100535650003500556DO-SdBNP20250306134046.0ta250306s2016 dr 000 p spa d a9789945588682 aDO-SdBNPbspacBNPHUerda axxxbB5332221 aBerroa, Fernandod1983-eautor4aut.13aLa destrucción del mito /cFernando Berroa 4aSanto Domingo :bDirección General de la Feria del Libro, c©2016. a65 páginasc23 cm. atextobtxt2rdacontent asin mediaciónbn2rdamedia avolumenbnc2rdacarrier aIncluye datos biografícos del autor en la solapa de la portada.  aPremio Joven de Poesía Feria del Libro 2015. 4aNovela argentina 4aLiteratura argentinaySIGLO XX